000
00222nam a2200097Ia 4500
005
20251222154322.0
008
251222s9999||||xx |||||||||||||| ||spa||
082
_a
891.730.1/S17/Ej.2
245
0
_a
Cuentos rusos
942
_c
LIB
999
_c
33823
_d
33823